| 000 | 00480nam a2200193Ia 4500 | ||
|---|---|---|---|
| 003 | 0100 | ||
| 008 | 130303s9999 xx 000 0 und d | ||
| 020 | _a534509509 | ||
| 040 | _cARRUPELIB | ||
| 050 | _aT14.5.S6385 1999 | ||
| 245 | _aSociety, ethics, and technology | ||
| 260 | _aBelmont, CA | ||
| 260 | _bWadsworth | ||
| 260 | _C1999 | ||
| 300 | _a259p. | ||
| 300 | _b24cm | ||
| 700 | _aedited by Mort Winston and Ralph Edelbach , Winston, Morton Emanuel | ||
| 942 | 0 | 0 | _02 |
| 999 |
_c12849 _d12849 |
||